| 000 | 00446pam a2200157 a 4500 | ||
|---|---|---|---|
| 020 |
_a8180617041 _c |
||
| 041 | _h | ||
| 082 |
_a618.2 _bROZ/KRI |
||
| 100 | _aKRIPLANI, A . | ||
| 245 |
_aCONTROVERSIES IN OBSTETRICS, GYNAECOLOGY & INFERTILITY / _cNULL. _hTextual Documents |
||
| 260 |
_aNULL : _bJAYPEE BROTHERS MEDICAL PUB. , _c2006. |
||
| 300 |
_a549 : _bviii ; _cNULL . |
||
| 700 | _aROZATI, R . | ||
| 930 | _a1236 | ||
| 999 |
_c795772 _d795772 |
||
| 650 | _aOBST.GYNE | ||